Entry Nombre personal
001 - NÚMERO DE CONTROL
- campo de control: 55030
003 - IDENTIFICADOR DEL NÚMERO DE CONTROL
- campo de control: BNPHU
005 - FECHA Y HORA DE LA ÚLTIMA TRANSACCIÓN
- campo de control: 20250120091142.0
008 - DATOS DE LONGITUD FIJA
- campo de control de longitud fija: 200615|| aca||aabn | a|a d
040 ## - FUENTE DE LA CATALOGACIÓN
- Centro catalogador/agencia de origen: DO-SdBNP
- Lengua de catalogación: spa
- Centro/agencia transcriptor: BNPHU
- Normas de descripción: rda
100 1# - ENCABEZAMIENTO-NOMBRE DE PERSONA
- Nombre de persona: Báez Evertsz, Franc ,
- Fechas asociadas al nombre: 1948-2016
368 ## - OTROS ATRIBUTOS DE PERSONA O ENTIDAD CORPORATIVA
- Tipo de entidad corporativa: República Dominicana
370 ## - LUGAR ASOCIADO
- Lugar de nacimiento: Santo Domingo (República Dominicana)
- Otro lugar asociado: Ciudad de México
372 ## - CAMPO DE ACTIVIDAD
- Campo de actividad: Sociología
373 ## - GRUPO ASOCIADO
- Grupo asociado: Instituto Tecnológico de Santo Domingo |
373 ## - GRUPO ASOCIADO
- Grupo asociado: Universidad Autónoma de Santo Domingo
373 ## - GRUPO ASOCIADO
- Grupo asociado: Universidad Nacional Autónoma de México
374 ## - OCUPACIÓN
- Ocupación: Sociólogo
- Ocupación: Profesor de Universidades y Colegios
400 1# - TRAZADO DE VÉASE--NOMBRE DE PERSONA
- Nombre de persona: Evertsz, Franc Báez,
- Fechas asociadas al nombre: 1948-2016
400 1# - TRAZADO DE VÉASE--NOMBRE DE PERSONA
- Nombre de persona: Báez Evertsz, Francisco Bienvenido,
- Fechas asociadas al nombre: 1948-2016
400 1# - TRAZADO DE VÉASE--NOMBRE DE PERSONA
- Nombre de persona: Evertsz, Francisco Bienvenido Báez,
- Fechas asociadas al nombre: 1948-2016
400 1# - TRAZADO DE VÉASE--NOMBRE DE PERSONA
- Nombre de persona: Báez Evertsz, Frank,
- Fechas asociadas al nombre: 1948-2016
400 ## - TRAZADO DE VÉASE--NOMBRE DE PERSONA
- Nombre de persona: Báez Evertz, Franc,
- Fechas asociadas al nombre: 1948-2016
400 1# - TRAZADO DE VÉASE--NOMBRE DE PERSONA
- Nombre de persona: Evertz, Franc Báez,
- Fechas asociadas al nombre: 1948-2016
400 1# - TRAZADO DE VÉASE--NOMBRE DE PERSONA
- Nombre de persona: Báez, Franc,
- Fechas asociadas al nombre: 1948-2016
670 ## - FUENTE DE DATOS ENCONTRADOS
- Cita de la fuente: Work cat.: (OSt)27453: Báez Evertsz, Francisco, Las migraciones internacionales en la República Dominicana /, 1994.
670 ## - FUENTE DE DATOS ENCONTRADOS
- Cita de la fuente: Su Azúcar y dependencia... 1978:
- Información encontrada: tp (Franc Báez Evertsz) p. 4 de portada (Francisco Bienvenido Báez Evertsz, n. en Santo Domingo 12/10/48)
670 ## - FUENTE DE DATOS ENCONTRADOS
- Cita de la fuente: Propuesta de una Corporación Azucarera Dominicana, 2014:
- Información encontrada: |b portada (Frank Báez Evertsz)
670 ## - FUENTE DE DATOS ENCONTRADOS
- Identificador Uniforme del Recurso: https://authorities.loc.gov/cgi-bin/Pwebrecon.cgi?AuthRecID=24522&v1=1&HC=1&SEQ=20250116103446&PID=a5NBFdIEUKWYMkmXbTX4g2pp48sV Consultado en 16 de enero, 2025
